Los inicios de la institucionalización : (Record no. 31434)

MARC details
000 -CABECERA
campo de control de longitud fija 00854nam a2200229 a 4500
005 - FECHA Y HORA DE LA ÚLTIMA TRANSACCIÓN
campo de control 20230511063533.0
008 - ELEMENTOS DE LONGITUD FIJA--INFORMACIÓN GENERAL
campo de control de longitud fija 991125s1978 mx 000 0 spa u
035 ## - NÚMERO DE CONTROL DEL SISTEMA
Número de control de sistema UPN01000031434
049 ## - COLECCIÓN
Colección CG
050 #4 - SIGNATURA TOPOGRÁFICA DE LA BIBLIOTECA DEL CONGRESO
Número de clasificación F1203
Número de documento/Ítem H5.7 v.12
100 1# - ASIENTO PRINCIPAL--NOMBRE PERSONAL
Nombre de persona Meyer, Lorenzo,
Fechas asociadas al nombre 1942-
9 (RLIN) 28980
245 14 - MENCIÓN DE TÍTULO
Título Los inicios de la institucionalización :
Resto del título la política del maximato /
Mención de responsabilidad, etc. por Lorenzo Meyer ; colab. Rafael Segovia y Alejandra Lajous.
260 ## - PUBLICACIÓN, DISTRIBUCIÓN, ETC.
Lugar de publicación, distribución, etc. México :
Nombre del editor, distribuidor, etc. El Colegio de México,
Fecha de publicación, distribución, etc. 1978.
300 ## - DESCRIPCIÓN FÍSICA
Extensión 314 p. :
Otras características físicas il., retrs.
440 #0 - MENCIÓN DE SERIE/ASIENTO SECUNDARIO--TÍTULO
Título Historia de la revolución mexicana ;
Designación de volumen o secuencia 12
500 ## - NOTA GENERAL
Nota general "Período 1928-1934"
651 #4 - ASIENTO SECUNDARIO DE MATERIA - NOMBRE GEOGRAFICO
Nombre geográfico México
Subdivisión general Historia
Subdivisión cronológica Revolución, 1910-1917
9 (RLIN) 223
651 #4 - ASIENTO SECUNDARIO DE MATERIA - NOMBRE GEOGRAFICO
Nombre geográfico MEXICO -
Subdivisión general HISTORIA -
Subdivisión cronológica 1911-
700 1# - ASIENTO SECUNDARIO--NOMBRE DE PERSONAL
Nombre de persona Segovia, Rafael,
Fechas asociadas al nombre 1951-
Término indicativo de función/relación colab.
9 (RLIN) 40494
700 1# - ASIENTO SECUNDARIO--NOMBRE DE PERSONAL
Nombre de persona Lajous Vargas, Alejandra,
Fechas asociadas al nombre 1948-
Término indicativo de función/relación colab.
9 (RLIN) 28936
905 ## - TIPO DE MATERIAL
Tipo de material Libro
Holdings
Estado de retiro Estado de pérdida Fuente del sistema de clasificación o colocación Estado dañado No para préstamo Código de colección Localización permanente Ubicación/localización actual Ubicación en estantería Fecha de adquisición Total de préstamos Clasificación Código de barras Fecha visto por última vez Fecha del último préstamo Número de copia Tipo de ítem Koha Renovaciones totales
    Library of Congress Classification     Colección General Bib. Gregorio Torres Quintero Bib. Gregorio Torres Quintero Planta baja 04/03/2024 36 F1203 H5.7 v.12 158875 06/03/2024 04/03/2024 1 Libro  
    Library of Congress Classification     Colección General Bib. Gregorio Torres Quintero Bib. Gregorio Torres Quintero Planta baja 04/03/2024 31 F1203 H5.7 v.12 77699 06/03/2024 04/03/2024 1 Libro  
    Library of Congress Classification     Colección General Bib. Gregorio Torres Quintero Bib. Gregorio Torres Quintero Planta baja 04/03/2024 29 F1203 H5.7 v.12 77698 06/03/2024 04/03/2024 1 Libro  
    Library of Congress Classification     Colección General Bib. Gregorio Torres Quintero Bib. Gregorio Torres Quintero Planta baja   17 F1203 H5.7 v.12 18094 14/03/2025 28/02/2025 1 Libro  
    Library of Congress Classification     Colección General Bib. Gregorio Torres Quintero Bib. Gregorio Torres Quintero Planta baja 05/03/2024 28 F1203 H5.7 v.12 18093 13/03/2024 05/03/2024 1 Libro  
    Library of Congress Classification     Colección General Bib. Gregorio Torres Quintero Bib. Gregorio Torres Quintero Planta baja   20 F1203 H5.7 v.12 18092 31/12/2020   1 Libro  
    Library of Congress Classification     Colección General Bib. Gregorio Torres Quintero Bib. Gregorio Torres Quintero Planta baja 13/10/2023 28 F1203 H5.7 v.12 18091 11/09/2024 29/08/2024 1 Libro  
    Library of Congress Classification     Colección General Bib. Gregorio Torres Quintero Bib. Gregorio Torres Quintero Planta baja 05/03/2024 23 F1203 H5.7 v.12 5070 06/03/2024 05/03/2024 1 Libro 1
    Library of Congress Classification     Colección General Bib. Gregorio Torres Quintero Bib. Gregorio Torres Quintero Planta baja   17 F1203 H5.7 v.12 18090 31/12/2020   1 Libro